[Event "Open Praha 2018 - A"]
[Site "?"]
[Date "2018.01.16"]
[Round "6"]
[White "Novy, Filip"]
[Black "Szpar, Milosz"]
[Result "0-1"]
[BlackElo "2367"]
[WhiteElo "2217"]
[LiveChessVersion "1.4.8"]

1. c4 {[%clk 1:30:58]} c5 {[%clk 1:29:28]} 2. Nf3 {[%clk 1:31:17]} Nf6
{[%clk 1:29:30]} 3. Nc3 {[%clk 1:31:12]} g6 {[%clk 1:28:46]} 4. d4
{[%clk 1:28:57]} cxd4 {[%clk 1:28:16]} 5. Nxd4 {[%clk 1:28:56]} Nc6
{[%clk 1:27:55]} 6. e4 {[%clk 1:26:45]} d6 {[%clk 1:27:25]} 7. Be2
{[%clk 1:25:04]} Bg7 {[%clk 1:25:38]} 8. Be3 {[%clk 1:24:26]} O-O
{[%clk 1:24:29]} 9. O-O {[%clk 1:24:49]} Bd7 {[%clk 1:22:53]} 10. Nb3
{[%clk 1:11:24]} a5 {[%clk 1:17:31]} 11. f4 {[%clk 1:05:07]} a4 {[%clk 1:15:48]}
12. Nd2 {[%clk 1:03:40]} a3 {[%clk 1:12:43]} 13. b3 {[%clk 0:59:06]} Ng4
{[%clk 1:11:58]} 14. Bxg4 {[%clk 0:58:27]} Bxc3 {[%clk 1:10:01]} 15. Rc1
{[%clk 0:56:08]} Bxg4 {[%clk 1:03:45]} 16. Qxg4 {[%clk 0:55:24]} Bg7
{[%clk 1:03:33]} 17. Nf3 {[%clk 0:38:32]} Nb4 {[%clk 1:03:12]} 18. f5
{[%clk 0:37:46]} Nxa2 {[%clk 1:00:29]} 19. Rce1 {[%clk 0:29:42]} Nb4
{[%clk 0:55:44]} 20. fxg6 {[%clk 0:27:54]} hxg6 {[%clk 0:44:50]} 21. Nh4
{[%clk 0:11:57]} Qe8 {[%clk 0:30:53]} 22. Nf3 {[%clk 0:07:15]} Nc2
{[%clk 0:27:31]} 23. Ng5 {[%clk 0:07:03]} Bf6 {[%clk 0:27:24]} 24. Rxf6
{[%clk 0:01:37]} exf6 {[%clk 0:26:56]} 25. Nh7 {[%clk 0:02:05]} Kxh7
{[%clk 0:25:34]} 26. Qh4+ {[%clk 0:02:32]} Kg8 {[%clk 0:25:47]} 27. Qxf6
{[%clk 0:02:48]} Nxe3 {[%clk 0:25:54]} 0-1

[Event "Open Praha 2018 - A"]
[Site "?"]
[Date "2018.01.16"]
[Round "6"]
[White "Ranaldi, Lucas"]
[Black "Melamed, Tatiana"]
[Result "0-1"]
[BlackElo "2347"]
[WhiteElo "2212"]
[LiveChessVersion "1.4.8"]

1. c4 {[%clk 1:30:58]} e5 {[%clk 1:30:47]} 2. g3 {[%clk 1:30:15]} Nf6
{[%clk 1:30:00]} 3. Bg2 {[%clk 1:30:23]} d5 {[%clk 1:30:04]} 4. cxd5
{[%clk 1:30:32]} Nxd5 {[%clk 1:30:29]} 5. Nc3 {[%clk 1:30:32]} Nb6
{[%clk 1:30:49]} 6. e3 {[%clk 1:28:12]} Nc6 {[%clk 1:29:05]} 7. Nge2
{[%clk 1:28:23]} Be7 {[%clk 1:25:27]} 8. O-O {[%clk 1:28:26]} O-O
{[%clk 1:24:47]} 9. f4 {[%clk 1:28:29]} Bf5 {[%clk 1:12:49]} 10. fxe5
{[%clk 1:15:47]} Bd3 {[%clk 1:13:08]} 11. e6 {[%clk 1:14:03]} f6 {[%clk 1:03:58]}
12. Nf4 {[%clk 0:46:47]} Bxf1 {[%clk 1:01:22]} 13. Qxf1 {[%clk 0:46:50]} Bd6
{[%clk 0:56:40]} 14. d4 {[%clk 0:44:53]} Qe7 {[%clk 0:52:02]} 15. Nb5
{[%clk 0:33:31]} Bxf4 {[%clk 0:29:12]} 16. gxf4 {[%clk 0:28:48]} a6
{[%clk 0:24:33]} 17. Nc3 {[%clk 0:28:56]} f5 {[%clk 0:23:48]} 18. d5
{[%clk 0:28:36]} Na7 {[%clk 0:20:00]} 19. e4 {[%clk 0:22:09]} Nb5
{[%clk 0:15:51]} 20. Be3 {[%clk 0:19:10]} fxe4 {[%clk 0:15:25]} 21. Nxb5
{[%clk 0:17:52]} Nxd5 {[%clk 0:13:56]} 22. Bxe4 {[%clk 0:10:19]} Nxe3
{[%clk 0:12:55]} 23. Qh3 {[%clk 0:10:48]} Nf5 {[%clk 0:07:29]} 24. Nc3
{[%clk 0:09:32]} c6 {[%clk 0:07:25]} 25. Re1 {[%clk 0:08:26]} g6 {[%clk 0:06:48]}
26. Kh1 {[%clk 0:07:17]} Rae8 {[%clk 0:05:37]} 27. Qd3 {[%clk 0:04:01]} Qh4
{[%clk 0:02:50]} 28. Qd2 {[%clk 0:01:54]} Ng3+ {[%clk 0:02:45]} 29. Kg2
{[%clk 0:02:02]} Nxe4 {[%clk 0:01:53]} 30. Rxe4 {[%clk 0:02:31]} Rxe6
{[%clk 0:02:08]} 31. Qe2 {[%clk 0:01:56]} Rxe4 {[%clk 0:02:16]} 32. Nxe4
{[%clk 0:02:22]} Qxf4 {[%clk 0:02:36]} 33. Kg1 {[%clk 0:00:39]} Kg7
{[%clk 0:02:27]} 34. Qd3 {[%clk 0:00:48]} Qc1+ {[%clk 0:02:27]} 0-1

[Event "Open Praha 2018 - A"]
[Site "?"]
[Date "2018.01.16"]
[Round "6"]
[White "Monin, Nikolay"]
[Black "Thakur, Akash"]
[Result "0-1"]
[BlackElo "2338"]
[WhiteElo "2193"]
[LiveChessVersion "1.4.8"]

1. e4 {[%clk 1:27:05]} e5 {[%clk 1:30:08]} 2. Nc3 {[%clk 1:27:19]} Nc6
{[%clk 1:30:29]} 3. Bc4 {[%clk 1:27:31]} Nf6 {[%clk 1:30:44]} 4. d3
{[%clk 1:27:43]} Bb4 {[%clk 1:30:52]} 5. Nf3 {[%clk 1:27:54]} d5 {[%clk 1:31:01]}
6. exd5 {[%clk 1:28:09]} Nxd5 {[%clk 1:31:23]} 7. O-O {[%clk 1:28:02]} Bxc3
{[%clk 1:31:01]} 8. bxc3 {[%clk 1:28:08]} O-O {[%clk 1:31:03]} 9. Ng5
{[%clk 1:27:41]} Na5 {[%clk 1:05:21]} 10. Bxd5 {[%clk 0:57:48]} Qxd5
{[%clk 1:05:03]} 11. Ba3 {[%clk 0:56:13]} c5 {[%clk 0:59:04]} 12. c4
{[%clk 0:55:15]} Qc6 {[%clk 0:58:57]} 13. Qh5 {[%clk 0:49:53]} Bf5
{[%clk 0:45:01]} 14. Nf3 {[%clk 0:47:40]} g6 {[%clk 0:41:22]} 15. Qh6
{[%clk 0:46:40]} f6 {[%clk 0:41:12]} 16. Nh4 {[%clk 0:46:22]} b6 {[%clk 0:34:54]}
17. f4 {[%clk 0:30:46]} e4 {[%clk 0:33:55]} 18. Rae1 {[%clk 0:25:35]} Rae8
{[%clk 0:19:20]} 19. Bb2 {[%clk 0:22:20]} Qd7 {[%clk 0:18:04]} 20. Nxf5
{[%clk 0:11:05]} Qxf5 {[%clk 0:17:53]} 21. h3 {[%clk 0:10:57]} exd3
{[%clk 0:16:17]} 22. g4 {[%clk 0:10:45]} Rxe1 {[%clk 0:10:00]} 23. gxf5
{[%clk 0:08:58]} d2 {[%clk 0:10:17]} 24. fxg6 {[%clk 0:08:36]} Rxf1+
{[%clk 0:10:40]} 25. Kg2 {[%clk 0:06:32]} Rg1+ {[%clk 0:10:55]} 26. Kf2
{[%clk 0:06:23]} hxg6 {[%clk 0:10:51]} 0-1

[Event "Open Praha 2018 - A"]
[Site "?"]
[Date "2018.01.16"]
[Round "6"]
[White "Stoynov, Yordan"]
[Black "Luukkonen, Tommi"]
[Result "0-1"]
[BlackElo "2331"]
[WhiteElo "2163"]
[LiveChessVersion "1.4.8"]

1. e4 {[%clk 1:30:56]} c5 {[%clk 1:30:48]} 2. Nf3 {[%clk 1:31:17]} Nc6
{[%clk 1:31:13]} 3. d4 {[%clk 1:31:34]} cxd4 {[%clk 1:31:39]} 4. Nxd4
{[%clk 1:31:51]} g6 {[%clk 1:32:04]} 5. Nc3 {[%clk 1:32:04]} Bg7 {[%clk 1:32:31]}
6. Nde2 {[%clk 1:32:20]} d6 {[%clk 1:32:55]} 7. g3 {[%clk 1:32:40]} Nf6
{[%clk 1:33:11]} 8. Bg2 {[%clk 1:32:59]} O-O {[%clk 1:33:37]} 9. O-O
{[%clk 1:33:13]} Rb8 {[%clk 1:34:03]} 10. a4 {[%clk 1:33:32]} a6 {[%clk 1:34:31]}
11. h3 {[%clk 1:33:48]} b5 {[%clk 1:34:58]} 12. axb5 {[%clk 1:34:07]} axb5
{[%clk 1:35:25]} 13. Be3 {[%clk 1:34:14]} b4 {[%clk 1:35:52]} 14. Nd5
{[%clk 1:34:24]} Nd7 {[%clk 1:36:19]} 15. c3 {[%clk 1:34:29]} bxc3
{[%clk 1:26:29]} 16. bxc3 {[%clk 1:34:19]} e6 {[%clk 1:26:14]} 17. Ndf4
{[%clk 1:34:13]} Qc7 {[%clk 1:26:22]} 18. Nd4 {[%clk 1:21:11]} Nde5
{[%clk 1:24:32]} 19. Qa4 {[%clk 1:20:06]} Bb7 {[%clk 1:14:03]} 20. Nb5
{[%clk 1:19:27]} Qe7 {[%clk 1:13:27]} 21. Bb6 {[%clk 1:14:54]} Bc8
{[%clk 1:07:57]} 22. Be3 {[%clk 1:14:49]} Bd7 {[%clk 1:03:02]} 23. Rfd1
{[%clk 1:11:52]} Nd8 {[%clk 0:59:01]} 24. Rab1 {[%clk 1:08:33]} Bc6
{[%clk 0:47:11]} 25. c4 {[%clk 1:06:00]} Nb7 {[%clk 0:39:36]} 26. Qc2
{[%clk 1:05:17]} Ra8 {[%clk 0:38:01]} 27. Na7 {[%clk 1:03:23]} Be8
{[%clk 0:37:06]} 28. Ne2 {[%clk 1:02:36]} Na5 {[%clk 0:35:30]} 29. Nb5
{[%clk 0:53:41]} Naxc4 {[%clk 0:32:38]} 30. Bc1 {[%clk 0:49:57]} Rc8
{[%clk 0:26:51]} 31. Qa2 {[%clk 0:47:01]} f5 {[%clk 0:25:28]} 32. f4
{[%clk 0:44:08]} Nf7 {[%clk 0:24:47]} 33. exf5 {[%clk 0:43:31]} gxf5
{[%clk 0:25:03]} 34. Nbd4 {[%clk 0:43:13]} Nd8 {[%clk 0:20:34]} 35. Nxe6
{[%clk 0:42:56]} Nxe6 {[%clk 0:20:39]} 36. Bd5 {[%clk 0:43:16]} Bf7
{[%clk 0:14:47]} 37. Bxc4 {[%clk 0:43:17]} Rxc4 {[%clk 0:14:51]} 38. Qxc4
{[%clk 0:43:25]} Nd4 {[%clk 0:14:09]} 39. Qd3 {[%clk 0:43:36]} Nxe2+
{[%clk 0:14:26]} 40. Kf1 {[%clk 0:41:50]} Nc3 {[%clk 0:13:41]} 41. Re1
{[%clk 0:42:09]} Qc7 {[%clk 0:14:04]} 42. Rb4 {[%clk 0:42:30]} Na2
{[%clk 0:14:00]} 0-1

[Event "Open Praha 2018 - A"]
[Site "?"]
[Date "2018.01.16"]
[Round "6"]
[White "Tarun, V Kanth"]
[Black "Sergienko, Sergey"]
[Result "1/2-1/2"]
[BlackElo "2329"]
[WhiteElo "2077"]
[LiveChessVersion "1.4.8"]

1. d4 {[%clk 1:30:45]} Nf6 {[%clk 1:30:51]} 2. c4 {[%clk 1:31:10]} e6
{[%clk 1:31:16]} 3. Nc3 {[%clk 1:31:35]} c5 {[%clk 1:31:02]} 4. d5
{[%clk 1:31:57]} exd5 {[%clk 1:31:25]} 5. cxd5 {[%clk 1:32:21]} d6
{[%clk 1:31:46]} 6. e4 {[%clk 1:32:39]} g6 {[%clk 1:32:07]} 7. Bd3
{[%clk 1:33:04]} Bg7 {[%clk 1:32:11]} 8. h3 {[%clk 1:33:01]} O-O {[%clk 1:32:06]}
9. Nf3 {[%clk 1:33:23]} Nbd7 {[%clk 1:31:33]} 10. O-O {[%clk 1:33:07]} Nh5
{[%clk 1:30:17]} 11. Bg5 {[%clk 1:32:31]} Bf6 {[%clk 1:30:05]} 12. Bh6
{[%clk 1:32:16]} Re8 {[%clk 1:29:24]} 13. Be2 {[%clk 1:32:39]} a6
{[%clk 1:24:56]} 14. a4 {[%clk 1:25:04]} b6 {[%clk 1:17:45]} 15. Qc2
{[%clk 1:12:08]} Qe7 {[%clk 1:10:42]} 16. Rae1 {[%clk 1:06:33]} Bg7
{[%clk 1:03:10]} 17. Bg5 {[%clk 1:02:31]} Qf8 {[%clk 1:01:30]} 18. Nd2
{[%clk 1:00:04]} Bf6 {[%clk 0:51:43]} 19. Be3 {[%clk 0:59:09]} Ng7
{[%clk 0:51:19]} 20. Kh2 {[%clk 0:51:32]} Rb8 {[%clk 0:47:01]} 21. f4
{[%clk 0:50:36]} Nf5 {[%clk 0:41:24]} 22. exf5 {[%clk 0:44:41]} Rxe3
{[%clk 0:41:36]} 23. Bd3 {[%clk 0:43:12]} Rxe1 {[%clk 0:34:19]} 24. Rxe1
{[%clk 0:43:40]} Qh6 {[%clk 0:32:26]} 25. g3 {[%clk 0:41:16]} Bb7
{[%clk 0:27:57]} 26. Nde4 {[%clk 0:39:48]} Qf8 {[%clk 0:27:14]} 27. Nf2
{[%clk 0:35:06]} Re8 {[%clk 0:25:35]} 28. Rxe8 {[%clk 0:34:36]} Qxe8
{[%clk 0:25:14]} 29. Nfe4 {[%clk 0:30:45]} Be7 {[%clk 0:21:03]} 30. Qe2
{[%clk 0:29:55]} Qc8 {[%clk 0:21:02]} 31. Nf2 {[%clk 0:21:55]} Kf8
{[%clk 0:13:07]} 32. g4 {[%clk 0:13:36]} Nf6 {[%clk 0:09:28]} 33. g5
{[%clk 0:13:12]} Nxd5 {[%clk 0:09:48]} 34. Nxd5 {[%clk 0:11:24]} Bxd5
{[%clk 0:10:12]} 35. f6 {[%clk 0:11:52]} Bd8 {[%clk 0:10:37]} 36. Bxa6
{[%clk 0:07:27]} Qe6 {[%clk 0:10:30]} 37. Qxe6 {[%clk 0:07:30]} Bxe6
{[%clk 0:10:26]} 38. Kg3 {[%clk 0:06:41]} h6 {[%clk 0:08:10]} 39. h4
{[%clk 0:06:25]} hxg5 {[%clk 0:08:33]} 40. hxg5 {[%clk 0:03:39]} Bc7
{[%clk 0:04:29]} 41. Bb5 {[%clk 0:03:10]} Bf5 {[%clk 0:04:09]} 1/2-1/2

[Event "Open Praha 2018 - A"]
[Site "?"]
[Date "2018.01.16"]
[Round "6"]
[White "Schippers, Maurice"]
[Black "Taranenko, Evgueniy"]
[Result "1-0"]
[BlackElo "2154"]
[WhiteElo "2309"]
[LiveChessVersion "1.4.8"]

1. e4 {[%clk 1:30:57]} c5 {[%clk 1:30:46]} 2. Nf3 {[%clk 1:31:13]} e6
{[%clk 1:30:55]} 3. b3 {[%clk 1:31:30]} Nf6 {[%clk 1:25:14]} 4. e5
{[%clk 1:31:05]} Nd5 {[%clk 1:24:37]} 5. c4 {[%clk 1:30:30]} Nc7 {[%clk 1:22:48]}
6. Bb2 {[%clk 1:30:38]} Be7 {[%clk 1:22:09]} 7. Nc3 {[%clk 1:29:06]} O-O
{[%clk 1:15:26]} 8. Ne4 {[%clk 1:27:03]} Ne8 {[%clk 1:12:23]} 9. Bd3
{[%clk 1:26:14]} f5 {[%clk 1:03:16]} 10. exf6 {[%clk 1:25:55]} Nxf6
{[%clk 1:03:30]} 11. Qc2 {[%clk 1:22:01]} Kh8 {[%clk 0:47:41]} 12. Neg5
{[%clk 1:08:35]} h6 {[%clk 0:41:46]} 13. Be2 {[%clk 1:04:42]} hxg5
{[%clk 0:38:20]} 14. Nxg5 {[%clk 1:04:21]} Ne4 {[%clk 0:37:49]} 15. Nxe4
{[%clk 0:58:16]} d5 {[%clk 0:32:53]} 16. Qc3 {[%clk 0:54:00]} d4 {[%clk 0:29:50]}
17. Qh3+ {[%clk 0:51:11]} Kg8 {[%clk 0:30:15]} 18. Bg4 {[%clk 0:48:29]} Qb6
{[%clk 0:30:26]} 19. O-O {[%clk 0:47:22]} Na6 {[%clk 0:29:59]} 20. Rae1
{[%clk 0:45:56]} e5 {[%clk 0:28:58]} 21. Ng3 {[%clk 0:43:45]} Bxg4
{[%clk 0:21:14]} 22. Qxg4 {[%clk 0:44:09]} Bf6 {[%clk 0:21:38]} 23. f4
{[%clk 0:42:53]} exf4 {[%clk 0:17:44]} 24. Re6 {[%clk 0:32:21]} fxg3
{[%clk 0:17:30]} 25. Rxb6 {[%clk 0:32:19]} gxh2+ {[%clk 0:17:51]} 26. Kxh2 axb6
27. Qe6+ {[%clk 0:29:20]} Rf7 {[%clk 0:18:28]} 28. a3 {[%clk 0:25:26]} Raf8
{[%clk 0:13:46]} 29. g3 {[%clk 0:21:55]} Nb8 {[%clk 0:13:08]} 30. Kg2
{[%clk 0:16:33]} Nc6 {[%clk 0:13:02]} 31. Rf5 {[%clk 0:15:30]} Ne7
{[%clk 0:12:03]} 32. Rh5 {[%clk 0:13:46]} g6 {[%clk 0:11:51]} 33. Rh1
{[%clk 0:13:34]} Nc6 {[%clk 0:08:58]} 34. b4 {[%clk 0:11:32]} Ne5
{[%clk 0:07:34]} 35. Rf1 {[%clk 0:11:26]} Nd7 {[%clk 0:06:56]} 36. d3
{[%clk 0:09:17]} Kg7 {[%clk 0:06:38]} 37. Bc1 {[%clk 0:09:07]} Re7
{[%clk 0:06:15]} 38. Qd6 {[%clk 0:08:50]} Re2+ {[%clk 0:01:14]} 39. Kg1
{[%clk 0:08:59]} Rf7 {[%clk 0:01:16]} 40. Bf4 {[%clk 0:04:37]} Ree7
{[%clk 0:00:45]} 41. Qd5 {[%clk 0:02:18]} Ne5 {[%clk 0:20:29]} 42. Bxe5
{[%clk 0:19:11]} Rxe5 {[%clk 0:20:46]} 43. Qd6 {[%clk 0:19:13]} Re3
{[%clk 0:18:20]} 44. Kg2 {[%clk 0:19:04]} Rxd3 {[%clk 0:17:11]} 45. Qxb6
{[%clk 0:18:42]} cxb4 {[%clk 0:14:05]} 46. axb4 {[%clk 0:18:35]} Rc3
{[%clk 0:11:07]} 47. Rxf6 {[%clk 0:10:52]} Rc2+ {[%clk 0:08:56]} 48. Kh3
{[%clk 0:11:13]} Rxf6 {[%clk 0:09:23]} 49. Qxb7+ {[%clk 0:11:20]} Kh6
{[%clk 0:05:56]} 50. Qd5 {[%clk 0:11:14]} Rf5 {[%clk 0:00:51]} 51. Qxd4
{[%clk 0:10:13]} Rh5+ {[%clk 0:01:18]} 52. Kg4 {[%clk 0:10:26]} Rg5+
{[%clk 0:01:48]} 53. Kf3 {[%clk 0:10:19]} Rf5+ {[%clk 0:02:16]} 54. Ke3
{[%clk 0:10:30]} Rff2 {[%clk 0:02:21]} 55. Qh8+ {[%clk 0:10:05]} Kg5
{[%clk 0:02:51]} 56. Qh4+ {[%clk 0:10:18]} Kf5 {[%clk 0:03:19]} 57. g4+
{[%clk 0:10:30]} 1-0

[Event "Open Praha 2018 - A"]
[Site "Praha (CZE)"]
[Date "2018.01.16"]
[Round "6"]
[White "Claridge-Hansen, William"]
[Black "Wiley, Thomas"]
[Result "1/2-1/2"]
[WhiteElo "2304"]
[BlackElo "2118"]
[PlyCount "87"]
[EventDate "2018.01.12"]

1. c4 e6 2. g3 Nf6 3. Bg2 d5 4. Nf3 dxc4 5. Qa4+ Nbd7 6. Qxc4 c5 7. Qb3 Qc7 8.
d3 Bd6 9. O-O a6 10. a4 b6 11. Na3 Bb7 12. Nc4 O-O 13. Rd1 Bd5 14. Bg5 Be7 15.
e4 Bc6 16. Bf4 Qa7 17. Nfe5 Nxe5 18. Nxe5 Bb7 19. Bg5 Rfe8 20. Bxf6 Bxf6 21.
Nc4 Rab8 22. Qxb6 Qxb6 23. Nxb6 Bc6 24. Nc4 Bxb2 25. Nxb2 Rxb2 26. Rdc1 Rb4 27.
a5 Bb5 28. Rxc5 Bxd3 29. Bf1 Bxf1 30. Kxf1 Rxe4 31. Rc6 Ra8 32. Rac1 g5 33.
Rc8+ Rxc8 34. Rxc8+ Kg7 35. Rc6 Ra4 36. Rxa6 g4 37. Ra8 Ra2 38. a6 h5 39. a7
Kf6 40. Ke1 Ke5 41. Kf1 Ke4 42. Kg2 Ra5 43. Rh8 Rxa7 44. Rxh5 1/2-1/2

[Event "Open Praha 2018 - A"]
[Site "Praha (CZE)"]
[Date "2018.01.16"]
[Round "6"]
[White "Shevchenko, Danylo"]
[Black "Chernyshov, Konstantin"]
[Result "0-1"]
[WhiteElo "2164"]
[BlackElo "2480"]
[PlyCount "80"]
[EventDate "2018.01.12"]

1. e4 c6 2. Nc3 d5 3. Qf3 e6 4. d4 dxe4 5. Qxe4 Nf6 6. Qh4 Be7 7. Bg5 Nd5 8.
Bxe7 Qxe7 9. Qg3 O-O 10. O-O-O Nxc3 11. Qxc3 Nd7 12. Nf3 c5 13. d5 exd5 14.
Rxd5 b6 15. Bd3 Nf6 16. Re5 Qc7 17. Rhe1 Bb7 18. Ng5 h6 19. Nxf7 Rxf7 20. Bc4
Raf8 21. g3 Kh8 22. Bxf7 Rxf7 23. Qd3 Bc6 24. Qg6 Kg8 25. h4 Qd7 26. Rd1 Qg4
27. Rd8+ Rf8 28. Qd3 Rxd8 29. Qxd8+ Kh7 30. Qc7 Be4 31. Qd6 Qe2 32. Qd2 Qf1+
33. Qd1 Qxf2 34. Re7 Qxg3 35. Rxa7 Qxh4 36. a4 Qg5+ 37. Kb1 Nd5 38. Ka1 Ne3 39.
Qd7 Nxc2+ 40. Ka2 Nb4+ 0-1

[Event "Open Praha 2018 - A"]
[Site "Praha (CZE)"]
[Date "2018.01.16"]
[Round "6"]
[White "Eriksson, Christian Altenburg"]
[Black "Smith, Bryan"]
[Result "0-1"]
[WhiteElo "2140"]
[BlackElo "2439"]
[PlyCount "78"]
[EventDate "2018.01.12"]

1. e4 e6 2. d4 d5 3. e5 c5 4. c3 Nc6 5. Nf3 Qb6 6. a3 f6 7. Bd3 fxe5 8. Nxe5
Nf6 9. Nxc6 bxc6 10. O-O Bd6 11. dxc5 Bxc5 12. Qe2 O-O 13. Bf4 Ne4 14. Bxe4
Rxf4 15. Bf3 Ba6 16. Qxe6+ Kh8 17. Rd1 Bxf2+ 18. Kh1 Rf6 19. Qe5 Qxb2 20. Nd2
Bd3 21. Nf1 Bg6 22. Qe2 Qxe2 23. Bxe2 Rb8 24. Bf3 h6 25. a4 Rb3 26. Rdc1 Bd3
27. Ra2 Bc5 28. Nd2 Ra3 29. Rxa3 Bxa3 30. Re1 Bb2 31. Re3 Bg6 32. Nb3 Rf4 33.
Nd4 c5 34. Nc6 Rxa4 35. h3 Be4 36. Ne7 Ra1+ 37. Kh2 Bc1 38. Rxe4 dxe4 39. Bxe4
g5 0-1

[Event "Open Praha 2018 - A"]
[Site "Praha (CZE)"]
[Date "2018.01.16"]
[Round "6"]
[White "Moehn, Hans"]
[Black "Ludvik, Tomas"]
[Result "1-0"]
[WhiteElo "2378"]
[BlackElo "2165"]
[PlyCount "43"]
[EventDate "2018.01.12"]

1. b3 Nf6 2. Bb2 e6 3. e3 d5 4. g3 Be7 5. Bg2 O-O 6. f4 c5 7. Nf3 Nc6 8. O-O
Qb6 9. Qe2 Bd7 10. Nc3 Nb4 11. d3 c4 12. bxc4 dxc4 13. d4 Bc6 14. e4 Rfd8 15.
Rab1 Qa5 16. a3 Na6 17. Ne5 Rxd4 18. Nxc6 bxc6 19. e5 Bc5 20. Kh1 Ne8 21. Ne4
Rdd8 22. Qxc4 1-0

[Event "Open Praha 2018 - A"]
[Site "Praha (CZE)"]
[Date "2018.01.16"]
[Round "6"]
[White "Haug, Johannes"]
[Black "Levitskiy, Andrey"]
[Result "1/2-1/2"]
[WhiteElo "2357"]
[BlackElo "2155"]
[PlyCount "59"]
[EventDate "2018.01.12"]

1. e4 c5 2. Nf3 Nc6 3. Bb5 d6 4. O-O Bd7 5. Re1 Nf6 6. c3 a6 7. Bf1 Bg4 8. h3
Bxf3 9. Qxf3 e6 10. Qg3 Be7 11. Qxg7 Rg8 12. Qh6 Ne5 13. Qe3 Nh5 14. d4 Bg5 15.
Qe2 Bxc1 16. Qxh5 Bxb2 17. dxe5 Bxa1 18. Qxh7 Rf8 19. Rd1 Qg5 20. exd6 O-O-O
21. g3 Rd7 22. h4 Qg4 23. Rd2 f6 24. Qh6 Rfd8 25. Qxf6 Qxe4 26. Na3 Rxd6 27.
Rxd6 Rxd6 28. Qf8+ Rd8 29. Qxc5+ Kb8 30. Kh2 1/2-1/2

[Event "Open Praha 2018 - A"]
[Site "Praha (CZE)"]
[Date "2018.01.16"]
[Round "6"]
[White "Marjanovic, Annamaria"]
[Black "Yakimenko, Alexander A"]
[Result "1-0"]
[WhiteElo "2348"]
[BlackElo "2146"]
[PlyCount "91"]
[EventDate "2018.01.12"]

1. c4 e5 2. g3 Nc6 3. Bg2 d6 4. Nc3 Bg4 5. d3 g6 6. Rb1 Bg7 7. b4 Qc8 8. b5 Nd4
9. h3 Bd7 10. e3 Ne6 11. Nge2 Ne7 12. Ba3 O-O 13. Nd5 Re8 14. Nxe7+ Rxe7 15.
O-O Re8 16. Kh2 Ng5 17. h4 Ne6 18. d4 exd4 19. exd4 Rb8 20. Qd2 Qd8 21. Bb2 a6
22. a4 axb5 23. axb5 c6 24. d5 cxd5 25. Bxg7 Kxg7 26. Qxd5 Nc5 27. Nf4 Bg4 28.
Qd2 Re5 29. Rbe1 f6 30. Nd5 Qf8 31. Ne3 Bf5 32. f4 Re4 33. g4 Rxe3 34. Rxe3
Bxg4 35. Rfe1 Kg8 36. Qd5+ Kg7 37. Re7+ Kh8 38. Qxd6 Rc8 39. Qd5 Bf5 40. Qf7
Qxf7 41. Rxf7 Be6 42. Bxb7 Rd8 43. Rc7 Nxb7 44. Rxe6 Rd2+ 45. Kg1 Rd1+ 46. Kg2
1-0

[Event "Open Praha 2018 - A"]
[Site "Praha (CZE)"]
[Date "2018.01.16"]
[Round "6"]
[White "Kaasen, Tor Fredrik"]
[Black "Brhel, Jan"]
[Result "1/2-1/2"]
[WhiteElo "2340"]
[BlackElo "2093"]
[PlyCount "120"]
[EventDate "2018.01.12"]

1. e4 e6 2. d4 d5 3. Nc3 Nf6 4. e5 Nfd7 5. f4 c5 6. Nf3 Nc6 7. Be3 Qb6 8. Na4
Qa5+ 9. c3 cxd4 10. b4 Qc7 11. Nxd4 Nxd4 12. Bxd4 Be7 13. Bd3 f5 14. exf6 Nxf6
15. O-O O-O 16. Qc2 Bd7 17. Nc5 Rac8 18. Rae1 Bd6 19. Nxe6 Bxe6 20. Rxe6 Bxf4
21. g3 Bd6 22. Qe2 Ne4 23. Rxf8+ Rxf8 24. Bxe4 dxe4 25. Rxe4 a6 26. Rg4 Rf7 27.
Qe6 Bf8 28. Rf4 Qe7 29. Qxe7 Bxe7 30. Re4 Kf8 31. Re6 g6 32. Kg2 Bg5 33. h4 Bh6
34. g4 Rd7 35. Rf6+ Ke7 36. Rf2 Ke6 37. g5 Bg7 38. Bxg7 Rxg7 39. c4 Rd7 40.
Rf6+ Ke5 41. c5 Rd2+ 42. Kf3 Rxa2 43. Rf7 a5 44. b5 Rc2 45. Rxh7 Rxc5 46. Rxb7
a4 47. Rb6 Rc3+ 48. Ke2 Kf5 49. Rf6+ Kg4 50. Rxg6 Kxh4 51. Ra6 Rb3 52. Rxa4+
Kxg5 53. Ra5 Kf6 54. Kd2 Ke7 55. Kc2 Rh3 56. Kb2 Kd7 57. Ra3 Rxa3 58. Kxa3 Kc7
59. Ka4 Kb6 60. Kb4 Kb7 1/2-1/2

[Event "Open Praha 2018 - A"]
[Site "Praha (CZE)"]
[Date "2018.01.16"]
[Round "6"]
[White "Jablonicky, Martin"]
[Black "Kapusta, Petr"]
[Result "1-0"]
[WhiteElo "2330"]
[BlackElo "2140"]
[PlyCount "85"]
[EventDate "2018.01.12"]

1. d4 Nf6 2. c4 g6 3. Nc3 Bg7 4. e4 d6 5. f3 O-O 6. Be3 e5 7. Nge2 exd4 8. Nxd4
Nc6 9. Be2 Nxd4 10. Bxd4 Nd7 11. O-O Nc5 12. Bxg7 Kxg7 13. Qd4+ f6 14. Rfd1 a5
15. f4 Ne6 16. Qe3 Bd7 17. e5 fxe5 18. fxe5 Nf4 19. exd6 c6 20. Bf3 Rf7 21.
Qe5+ Kg8 22. Ne4 Qf8 23. Ng5 Rf5 24. Qe7 Qh6 25. Qxd7 Qxg5 26. Qe7 Nh3+ 27. Kf1
Rxf3+ 28. gxf3 Qg1+ 29. Ke2 Qf2+ 30. Kd3 Nf4+ 31. Kc3 Ne2+ 32. Kd3 Nf4+ 33. Kc3
b5 34. Rd2 Qxf3+ 35. Kc2 Ng2 36. Qe6+ Kg7 37. Re1 Ne3+ 38. Kb1 Nxc4 39. Rc2 Qd3
40. Qe7+ Kg8 41. d7 Rf8 42. Ka1 a4 43. Rf2 1-0

[Event "Open Praha 2018 - A"]
[Site "Praha (CZE)"]
[Date "2018.01.16"]
[Round "6"]
[White "Chkhaidze, Nikoloz"]
[Black "Adamko, Peter"]
[Result "1-0"]
[WhiteElo "2306"]
[BlackElo "2098"]
[PlyCount "83"]
[EventDate "2018.01.12"]

1. d4 Nf6 2. c4 g6 3. Nc3 Bg7 4. e4 O-O 5. Be3 d6 6. h3 e5 7. d5 c5 8. Nf3 a6
9. Nd2 Ne8 10. g4 Bd7 11. h4 h6 12. a4 b6 13. h5 g5 14. a5 b5 15. cxb5 axb5 16.
Bxb5 Bxb5 17. Nxb5 Rxa5 18. Na3 Nd7 19. Ndc4 Ra8 20. Nb5 Rxa1 21. Qxa1 Nb8 22.
Qa5 Qd7 23. f3 Qb7 24. Qb6 Qa8 25. Qa7 Qxa7 26. Nxa7 Na6 27. Nb5 f5 28. gxf5
Rf6 29. Kf2 Bf8 30. Ra1 Nac7 31. Nxc7 Nxc7 32. Ra7 Ne8 33. Bd2 Ng7 34. b4 cxb4
35. Bxb4 Nxh5 36. Rd7 Nf4 37. Kf1 h5 38. Rd8 Nxd5 39. exd5 Rxf5 40. Ke2 Kf7 41.
Nxd6+ Bxd6 42. Bxd6 1-0

[Event "Open Praha 2018 - A"]
[Site "Praha (CZE)"]
[Date "2018.01.16"]
[Round "6"]
[White "Lindbol, Aleksander"]
[Black "Lee, Qing Aun"]
[Result "0-1"]
[WhiteElo "2146"]
[BlackElo "2277"]
[PlyCount "64"]
[EventDate "2018.01.12"]

1. c4 e6 2. Nc3 d5 3. d4 c5 4. Nf3 cxd4 5. Nxd4 e5 6. Nf3 d4 7. Nd5 Nc6 8. e3
Nf6 9. Nxf6+ Qxf6 10. exd4 exd4 11. Be2 Bd6 12. O-O h6 13. a3 a5 14. Qc2 O-O
15. Bd2 Bg4 16. c5 Bc7 17. Rfe1 Rad8 18. Qd3 Rfe8 19. b4 Ne5 20. Qb5 Bxf3 21.
Bxf3 Nxf3+ 22. gxf3 Rxe1+ 23. Rxe1 Qxf3 24. Re8+ Kh7 25. Qe2 Qh3 26. f4 Rxe8
27. Qxe8 Qf5 28. b5 Bxf4 29. Bxf4 Qxf4 30. Qd8 Qc1+ 31. Kg2 Qxc5 32. Qxa5 d3
0-1

[Event "Open Praha 2018 - A"]
[Site "Praha (CZE)"]
[Date "2018.01.16"]
[Round "6"]
[White "Narendran, Gouthaman"]
[Black "Pantzar, Milton"]
[Result "1/2-1/2"]
[WhiteElo "2106"]
[BlackElo "2268"]
[PlyCount "43"]
[EventDate "2018.01.12"]

1. e4 e5 2. Nf3 Nc6 3. Bb5 a6 4. Ba4 Nf6 5. O-O Be7 6. Re1 b5 7. Bb3 d6 8. c3
O-O 9. h3 Na5 10. Bc2 c5 11. d4 Qc7 12. Nbd2 Bd7 13. Nf1 Nc4 14. a4 cxd4 15.
cxd4 Rfc8 16. b3 Nb2 17. Bxb2 Qxc2 18. dxe5 Qxb2 19. exf6 Qxf6 20. Ne3 Qg6 21.
Nd5 Bd8 22. Qd4 1/2-1/2

[Event "Open Praha 2018 - A"]
[Site "Praha (CZE)"]
[Date "2018.01.16"]
[Round "6"]
[White "Tatarintsev, Egor"]
[Black "Harazinska, Ewa"]
[Result "1/2-1/2"]
[WhiteElo "2100"]
[BlackElo "2245"]
[PlyCount "36"]
[EventDate "2018.01.12"]

1. d4 Nf6 2. c4 e6 3. Nf3 d5 4. Qc2 dxc4 5. Qxc4 b6 6. e3 Bb7 7. Qa4+ Nbd7 8.
Nc3 c5 9. dxc5 Bxc5 10. Ba6 Bxa6 11. Qxa6 Bb4 12. Bd2 O-O 13. O-O Nc5 14. Qe2
Qd3 15. Rfd1 Rfd8 16. Be1 Qxe2 17. Nxe2 Bxe1 18. Nxe1 Rac8 1/2-1/2